Представление документа в формате RUSMARC

ПолеНазваниеЗначение
  Тип записи a
  Библиографический уровень m
001 Контрольный номер RU/SLIB/B/208777600
005 Дата корректировки 20201206204327.5
010 Индекс ISBN __
d Цена 3-20
101 Язык документа __
a Язык текста rus
200 Заглавие и сведения об ответственности __
a Заглавие Босиком по лужам ; И дух наш молод
f Первые сведения об ответственности В. А. Добровольский
b Общее обозначение материала Текст
210 Выходные данные __
a Место издания Киев
c Издательство Днiпро
d Дата издания 1978
215 Физическое описание __
a Объем 640 с.
327 Примечание о содержании __
a Примечание о содержании И дух наш молод
606 Тематические рубрики __
a Основная рубрика Художественная литература
z Хронологическая подрубрика 20 в.
y Географическая подрубрика Россия
606 Тематические рубрики __
a Основная рубрика Русская литература XX в. (произведения)
610 Ключевые слова __
a Ключевые слова писатели; проза; прозаики; повести; романы
686 Индексы других классификаций __
a Классификационный индекс 84(2Рос=Рус)6-4
700 Автор __
a Фамилия Добровольский
b Имя В. А.
4 Код отношения 070
801 Источник записи _0
a Страна RU
b Организация Муниципальное бюджетное учреждение культуры "Централизованная библиотечная система" г. Сургут (Центральная городская библиотека им. А. С. Пушкина)
g Правила каталогизации КиК/Лебедева
801 Источник записи _1
a Страна RU
b Организация Муниципальное бюджетное учреждение культуры "Централизованная библиотечная система" г. Сургут (Центральная городская библиотека им. А. С. Пушкина)
g Правила каталогизации КиК/Лебедева
852 Данные о местонахождении __
j Шифр хранения 84(2Рос=Рус)6-4
i Авторский знак Д 56
p Инвентарный номер 120788(с)
901 Тип документа __
t Тип документа m
990 Данные о заказе (DOS) __
j Количество экземпляров (DOS) 1
t N записи в КСУ для И/У (DOS) ретро